000 01548nam a2200289Ia 4500
999 _c47168
_d47168
001 14026
003 GE_BSU
005 20241015121557.0
008 181216s2014||||ge |||||||||||||| ||geo||
020 _a9789941036453
040 _cGE_BSU
041 _ageo
080 _a51(075.4) მ-15
245 _aმათემატიკა. ალგებრა და ანალიზის საწყისები :
_bსაატესტატო და ეროვნული გამოცდებისათვის /
_cბეჟან ღვაბერიძე, ფრიდონ დვალიშვილი, ალექსანდრე მოსიძე და სხვ. ; რედ. ნ. ქალდანი.
250 _aმე-6 გამოცემა
264 _aთბილისი :
_b? ;
_c2014.
300 _a509 გვ. ;
_c27 სმ.
541 _h17ლ.
653 _aმათემატიკა
653 _aალგებრა და ანალიზის საწყისები
653 _aსაატესტატო და ეროვნული გამოცდებისათვის
700 _aღვაბერიძე, ბეჟან
_eავტორი
_923397
700 _aდვალიშვილი, ფრიდონ
_eავტორი
_923398
700 _aმოსიძე, ალექსანდრე
_eავტორი
_923399
700 _aქალდანი, ნ.
_eრედაქტორი
_922383
942 _cBK
_2udc